000
00290 a2200121 4500
000
nam a22 7a 4500
005
20260130123218.0
020
_a
9781836594734
100
_a
Marissa Carter
_9
1112948
245
_a
Counselling Psychology
260
_b
Edtech Press
_c
2026
942
_c
TEXL
999
_c
1678421
_d
1678421